000 00620cam a2200145 4500500
005 20260111092415.0
041 _afre
042 _adc
100 1 0 _aGaveau, Fabien
_eauthor
245 0 0 _aPekka Hämäläinen, L’empire comanche. Traduit de l’anglais par Frédéric Cotton. Préface de Richard White. Paris, Anacharsis Éditions, 2012, 599 p. (1re édition Yale University Press, 2008)
260 _c2014.
500 _a65
786 0 _nÉtudes rurales | 192 | 2 | 2014-02-01 | p. 179c-186c | 0014-2182
856 4 1 _uhttps://shs.cairn.info/revue-etudes-rurales-2013-2-page-179c?lang=fr&redirect-ssocas=7080
999 _c1623525
_d1623525